000 00798nam a2200229Ia 4500
001 b4648-30249
003 IT-MiCISF
008 161014s9999||||xx |||||||||||||| ||und||
040 _aIT-MiCISF
_cIT-MiCISF
041 _ait
100 _aBursi Giovanni
245 0 _aStrategie di politiche familiari
_bValori, metodologie ed azioni per un welfare comunitario su un territorio cittadino
250 _a1a ed.
260 _a Milano
_bFranco Angeli
_c1999
300 _app. 235
500 _a / saggi di Donati P. e Gorrieri E., politica-familiare, territorio, comparazione, legislazione, famiglia, servizi-sociali /
650 _a Famiglia nella società / politica-familiare
_e006
700 _aCavazza Gianpietro
700 _aMessora Enrico
942 _cBK
957 _71
999 _a30249
_bsi
_g1
_c212589
_d212589